SSC CPO SI/ASI exam papers 2017: (Record no. 160547)

MARC details
000 -LEADER
fixed length control field 00736nam a22001937a 4500
005 - DATE AND TIME OF LATEST TRANSACTION
control field 20190204163248.0
010 ## - LCCN (DPL NO)
LC control number B-713096
020 ## - INTERNATIONAL STANDARD BOOK NUMBER
Terms of availability 300.00
035 ## - SYSTEM CONTROL NUMBER
System control number B-713096
037 ## - SOURCE OF ACQUISITION
Source of stock number/acquisition RK Books
082 ## - DEWEY DECIMAL CLASSIFICATION NUMBER
Classification number 000
245 ## - TITLE STATEMENT
Title SSC CPO SI/ASI exam papers 2017:
Remainder of title bilingual questions with bilingual solutions /
260 ## - PUBLICATION, DISTRIBUTION, ETC. (IMPRINT)
Place of publication, distribution, etc Delhi
Name of publisher, distributor, etc Paramount Authors
Date of publication, distribution, etc 2017
270 ## - ADDRESS
Address 704, 1st Floor, Near Batra Cinema, Dr. Mukherjee Nagar
City Delhi
Postal code 110009
300 ## - PHYSICAL DESCRIPTION
Extent 344p.
Dimensions 24cm(pbk)
505 ## - FORMATTED CONTENTS NOTE
Formatted contents note Delhi Police/BSF/SSB/CRPF/CISF/ITBP
942 ## - ADDED ENTRY ELEMENTS (KOHA)
Source of classification or shelving scheme Dewey Decimal Classification
Item type English Books
Call number suffix SSC
Classification part 000
Holdings
Withdrawn status Lost status Not for loan Collection code Home library Current library Date acquired Source of acquisition Cost, normal purchase price Full call number Barcode Copy number Cost, replacement price Koha item type
      Non-fiction Central Library Central Library 04/02/2019 RK Books/IN2882/18-19/16-01-19/565/07-01-19/04-02-19 300.00 000 SSC B-713096 1 300.00 English Books

© Delhi Public Library
Hit Counter
free hit counter